Loading...
| History - Other History | 1 | 1 | 0 | 1 | 25 | 67 | 101.50 | 1 | 2 |
| Thought - Social Science | 0 | 2 | 0 | 1 | 20 | 73 | 99.00 | 1 | 2 |
| Beliefs - Mythology | 0 | 2 | 0 | 2 | 20 | 133 | 134.00 | 1 | 2 |
| Arts - Music | 0 | 1 | 0 | 0 | 10 | 100 | 100.00 | 1 | 1 |
| Arts - Other Arts | 0 | 1 | 0 | 0 | 10 | 93 | 93.00 | 0 | 1 |
| Other - Pop Culture | 1 | 0 | 1 | 0 | 10 | 17 | 17.00 | 1 | 1 |
| Science - Biology | 0 | 1 | 0 | 0 | 10 | 109 | 109.00 | 1 | 1 |
| Science - Engineering | 0 | 1 | 0 | 0 | 10 | 114 | 114.00 | 1 | 1 |
| History - Euro History | 0 | 1 | 2 | 0 | 0 | 108 | 108.00 | 1 | 1 |
| History - World History | 0 | 1 | 2 | 0 | 0 | 102 | 102.00 | 1 | 1 |
| Other - Other Academic | 0 | 0 | 0 | 0 | 0 | 0.00 | 0 | 0 | |
| Science - Other Science | 0 | 0 | 1 | 0 | -5 | 0.00 | 0 | 0 | |
| Other - Geo/CE | 0 | 0 | 2 | 0 | -10 | 0.00 | 0 | 0 |